<?xml version="1.0" encoding="UTF-8"?>
<record
    xmlns:xsi="http://www.w3.org/2001/XMLSchema-instance"
    xsi:schemaLocation="http://www.loc.gov/MARC21/slim http://www.loc.gov/standards/marcxml/schema/MARC21slim.xsd"
    xmlns="http://www.loc.gov/MARC21/slim">

  <leader>02232nam a2200313 i 4500</leader>
  <controlfield tag="001">000038329</controlfield>
  <controlfield tag="003">DO-SdBNP</controlfield>
  <controlfield tag="005">20260321073642.0</controlfield>
  <controlfield tag="007">ta</controlfield>
  <controlfield tag="008">110201s1995    dr            000 0 spa d</controlfield>
  <datafield tag="040" ind1=" " ind2=" ">
    <subfield code="a">DO-SdBNP</subfield>
    <subfield code="b">spa</subfield>
    <subfield code="c">BNPHU</subfield>
    <subfield code="e">rda</subfield>
  </datafield>
  <datafield tag="041" ind1=" " ind2=" ">
    <subfield code="a">spa</subfield>
  </datafield>
  <datafield tag="082" ind1=" " ind2="4">
    <subfield code="a">972.9</subfield>
    <subfield code="b">B742d 1995</subfield>
    <subfield code="2">22</subfield>
  </datafield>
  <datafield tag="100" ind1="1" ind2=" ">
    <subfield code="a"> Bosch, Juan, </subfield>
    <subfield code="d">1909-2001</subfield>
    <subfield code="e">autor</subfield>
    <subfield code="4">aut.</subfield>
    <subfield code="9">76555</subfield>
  </datafield>
  <datafield tag="245" ind1="1" ind2="0">
    <subfield code="a">De Crist&#xF3;bal Col&#xF3;n a Fidel Castro :</subfield>
    <subfield code="b">el Caribe, frontera imperial /</subfield>
    <subfield code="c">Juan Bosch.</subfield>
  </datafield>
  <datafield tag="250" ind1=" " ind2=" ">
    <subfield code="a">Novena edici&#xF3;n</subfield>
  </datafield>
  <datafield tag="264" ind1=" " ind2="1">
    <subfield code="a">Santo Domingo, Rep&#xFA;blica Dominicana :</subfield>
    <subfield code="b">Editora Corripio, C. por A.,</subfield>
    <subfield code="c">1995.</subfield>
  </datafield>
  <datafield tag="300" ind1=" " ind2=" ">
    <subfield code="a">712 p&#xE1;ginas ;</subfield>
    <subfield code="c">24 cm.</subfield>
  </datafield>
  <datafield tag="336" ind1=" " ind2=" ">
    <subfield code="a">texto</subfield>
    <subfield code="b">txt</subfield>
    <subfield code="2">rdacontent</subfield>
  </datafield>
  <datafield tag="337" ind1=" " ind2=" ">
    <subfield code="a">sin mediaci&#xF3;n</subfield>
    <subfield code="b">n</subfield>
    <subfield code="2">rdamedia</subfield>
  </datafield>
  <datafield tag="338" ind1=" " ind2=" ">
    <subfield code="a">volumen</subfield>
    <subfield code="b">nc</subfield>
    <subfield code="2">rdacarrier</subfield>
  </datafield>
  <datafield tag="500" ind1=" " ind2=" ">
    <subfield code="a">incluye &#xED;ndice de personas y lugares</subfield>
  </datafield>
  <datafield tag="504" ind1=" " ind2=" ">
    <subfield code="a">Bibliograf&#xED;a: p&#xE1;ginas [657]-661</subfield>
  </datafield>
  <datafield tag="505" ind1=" " ind2=" ">
    <subfield code="a">Unas palabras del autor -- Una frontera de cinco siglos -- El escenario de la frontera -- Indios y espa&#xF1;oles en los primeros a&#xF1;os de la frontera imperial -- La conquista del Caribe entre 1508 y 1527 -- La conquista entre 1526-1584 -- Sublevaciones de indios, africanos y espa&#xF1;oles en el siglo XVI -- Las guerras de Espa&#xF1;a en el siglo XVI -- Contrabandistas, bucaneros y filibusteros -- El siglo de la desmembraci&#xF3;n -- El tiempo del espanto -- Intermedio europeo -- El Caribe hasta la Paz de Utrecht -- Las guerras en el Caribe hasta la Paz de Par&#xED;s (1763) -- La revoluci&#xF3;n Norteamericana y sus resultados en el Caribe -- La revoluci&#xF3;n francesa y su proyecci&#xF3;n en el Caribe -- El tiempo de la libertad -- Nacimiento de la Rep&#xFA;blica de Hait&#xED; -- En los umbrales de la gran conmoci&#xF3;n -- La guerra social venezolana -- La independencia de los territorios espa&#xF1;oles -- 1821-1851. Los a&#xF1;os de reajuste -- Los a&#xF1;os de los episodios incre&#xED;bles (1855-1861) -- Las luchas por la independencia de Cuba (1868-1898) -- El siglo del imperio norteamericano -- Los a&#xF1;os de las balas y de los d&#xF3;lares -- Fidel Castro o la nueva etapa hist&#xF3;rica del Caribe -- Bibliograf&#xED;a -- &#xCD;ndice de personas y lugares.</subfield>
  </datafield>
  <datafield tag="590" ind1=" " ind2=" ">
    <subfield code="a">Inventariado, 2026/BT</subfield>
  </datafield>
  <datafield tag="651" ind1=" " ind2="4">
    <subfield code="a">Caribe (Regi&#xF3;n)</subfield>
    <subfield code="x">Historia</subfield>
    <subfield code="9">87401</subfield>
  </datafield>
  <datafield tag="910" ind1=" " ind2=" ">
    <subfield code="a">Validado. Control de calidad MFF</subfield>
  </datafield>
  <datafield tag="942" ind1=" " ind2=" ">
    <subfield code="2">ddc</subfield>
    <subfield code="c">LBS1</subfield>
  </datafield>
  <datafield tag="952" ind1=" " ind2=" ">
    <subfield code="0">0</subfield>
    <subfield code="1">0</subfield>
    <subfield code="2">ddc</subfield>
    <subfield code="5">1</subfield>
    <subfield code="7">0</subfield>
    <subfield code="8">PD</subfield>
    <subfield code="a">BNPHU</subfield>
    <subfield code="b">BNPHU</subfield>
    <subfield code="c">HD</subfield>
    <subfield code="d">2013-04-09</subfield>
    <subfield code="l">0</subfield>
    <subfield code="o">BNPHU PD 972.9 B742d 1995</subfield>
    <subfield code="p">38329-10</subfield>
    <subfield code="r">2020-06-25</subfield>
    <subfield code="w">2020-06-25</subfield>
    <subfield code="y">LBS1</subfield>
    <subfield code="Z">No se presta</subfield>
  </datafield>
  <datafield tag="952" ind1=" " ind2=" ">
    <subfield code="0">0</subfield>
    <subfield code="1">0</subfield>
    <subfield code="2">ddc</subfield>
    <subfield code="5">1</subfield>
    <subfield code="7">0</subfield>
    <subfield code="8">PD</subfield>
    <subfield code="a">BNPHU</subfield>
    <subfield code="b">BNPHU</subfield>
    <subfield code="c">HD</subfield>
    <subfield code="d">2026-02-20</subfield>
    <subfield code="e">Donado por Bienvenido Brito</subfield>
    <subfield code="l">0</subfield>
    <subfield code="o">BNPHU PD 972.9 B742d 1995</subfield>
    <subfield code="p">2026-1465</subfield>
    <subfield code="r">2026-02-20</subfield>
    <subfield code="t">e.2</subfield>
    <subfield code="w">2026-02-20</subfield>
    <subfield code="y">LBS1</subfield>
  </datafield>
  <datafield tag="999" ind1=" " ind2=" ">
    <subfield code="c">37819</subfield>
    <subfield code="d">37819</subfield>
  </datafield>
</record>
